000
00275nam a2200097Ia 4500
082
_a
920 KOT
245
0
_a
Voetspore in die Kalahari
100
_a
ELLIOTT, Geoff Highlands North, South Africa, 2005
_9
71876
942
_c
BK
008
210817s9999 xx 000 0 und d
999
_c
234397
_d
234395